000 00363nam a2200121 4500
999 _c14101
_d14101
008 190801b ||||| |||| 00| 0 eng d
100 _939129
_aRevita, Juliet C.
245 _aTo solve insurgency, say localized peace talks/
_cJuliet C. Revita
260 _aDavao City:
_bSun Star Davao;
_cc2019.
300 _apage 4.
650 0 _939130
_aPeace.
942 _2ddc
_cPER